000 00645nam a2200241Ia 4500
003 OSt
005 20220928114157.0
006 a|||||r|||| 00| 0
007 ta
008 220927b |||||||| |||| 00| 0 eng d
024 _a70470
037 _cTextual
040 _aSDCL
_cSDCL
_beng
041 _2eng
_aeng
082 _a4, P7
100 _aRamanujam RC
_9437313
245 0 _aMass communication and its digital transformation.
260 _aNew Delhi
_bAPH Publishing
_c2007
300 _aviii,289p.
_ccm.
650 _aMass communication
_9437314
942 _h4, P7
_cTEXL
_2CC
999 _c753265
_d753265